[Event "CRO-ch U19"]
[Site "Topusko"]
[Date "2012.07.25"]
[Round "4"]
[White "Cupan, Ivan"]
[Black "Havas, Janko"]
[Result "0-1"]
[WhiteElo "1562"]
[BlackElo "2155"]
[PlyCount "86"]
[EventDate "2012.??.??"]
[EventType "swiss"]
[EventRounds "9"]
[EventCountry "CRO"]
[SourceTitle "EXT 2013"]
[Source "ChessBase"]
[SourceDate "2012.11.22"]
[SourceVersion "1"]
[SourceVersionDate "2012.11.22"]
[SourceQuality "1"]

1. Nf3 Nf6 2. b3 d6 3. d4 g6 4. Bb2 Bg7 5. Nbd2 0-0 6. e4 Nbd7 7. Bd3 e5 8. 0-0 exd4 9. Bxd4 Re8 10. Re1 Ne5 11. h3 Nh5 12. Bxe5 dxe5 13. Nf1 Qf6 14. Ne3 c6 15. Ng4 Bxg4 16. hxg4 Nf4 17. g3 Ne6 18. c3 a5 19. Qe2 Nc5 20. Bc2 Qe6 21. Nd2 Bh6 22. Rad1 b5 23. Kg2 Rad8 24. f3 Rd7 25. Rh1 Bf8 26. Nf1 Rxd1 27. Qxd1 b4 28. Qd2 Qd7 29. cxb4 axb4 30. Qxd7 Nxd7 31. Bb1 Nb6 32. Kf2 Rd8 33. Ke2 Bc5 34. Ne3 Bd4 35. Nc2 c5 36. Ne1 Na8 37. Bd3 Nc7 38. Rh2 Bc3 39. Rh1 Ra8 40. Bb1 Nb5 41. Rh2 Bd4 42. Kd2 Bc3+ 43. Ke2 Nd4+ 0-1

[Event "CRO-ch U19"]
[Site "Topusko"]
[Date "2011.07.30"]
[Round "9"]
[White "Srsan, Matija"]
[Black "Cupan, Ivan"]
[Result "1/2-1/2"]
[WhiteElo "1870"]
[BlackElo "1565"]
[PlyCount "46"]
[EventDate "2011.07.24"]
[EventType "swiss"]
[EventRounds "9"]
[EventCountry "CRO"]
[SourceTitle "EXT 2012"]
[Source "ChessBase"]
[SourceDate "2011.11.24"]
[SourceVersion "1"]
[SourceVersionDate "2011.11.24"]
[SourceQuality "1"]

1. e4 e6 2. f4 d5 3. e5 c5 4. Nf3 Nc6 5. Bb5 a6 6. Bxc6+ bxc6 7. c4 a5 8. b3 Nh6 9. Nc3 Nf5 10. 0-0 Ba6 11. d3 Be7 12. Qe1 0-0 13. Qf2 Qb6 14. Ba3 Qa7 15. Na4 d4 16. Nd2 Ne3 17. Rfc1 f5 18. exf6 Rxf6 19. Qf3 Bb7 20. Ne4 Rg6 21. g3 Rf8 22. Bxc5 Bxc5 23. Naxc5 e5 1/2-1/2